000 00538nam a2200193Ia 4500
003 GCL
040 _aGCL /
_cGCL
082 0 4 _a892.76
_bN D
100 1 _aNAGUIB MAHFOUZ
245 1 0 _aDIE NACHT DER TAUSEND: NACHTE ( GERMAN LANGAUGE ) /
_cNAGUIB MAHFOUZ
700 1 _aKILIAS, DORIS
260 _a[S.N] :
_bTHE AMERICAN UNIVERSITY IN CAIRO PRESS ،
_c1998
300 _a278 P
650 0 4 _aARABIC LITERATURE
650 0 4 _aNAGUIB MAHFOUZ
650 0 4 _aARABIC FICTION
650 0 4 _aARABIC LITERATURE - TRANSLATION
942 _2ddc
_cBK
999 _c15774
_d15774